000 00697nam a2200217Ia 4500
003 GCL
005 20240530103157.0
008 140319s9999 xx 000 0 ara d
040 _aGCL /
_cGCL
082 0 4 _a343.02
_bع ش
100 1 _aمعوض عبدالتواب
245 1 0 _aالشهر العقارى والتوثيق علما وعملا /
_cمعوض عبدالتواب
260 _a[S.N] :
_bمنشاة المعارف الاسلامية ،
_c1986
300 _a693
490 _aالكتب القانونية
_v0
650 0 4 _aالقانون
650 0 4 _aنزع الملكية
650 0 4 _aقوانين وتشريعات
650 0 4 _aقانون الملكية
942 _2ddc
_cBK
999 _c37364
_d37364